000 00301nam a22001337a 4500
008 171207b xxu||||| |||| 00| 0 eng d
020 _a9780618810178
041 _aeng
080 _29 ED
_a32
100 _a20
101 _aPOL
245 _aTHE CHALLENGE DEMOCRACY
_cJANDA .B
942 _2udc
_cBK
999 _c38806
_d38806